000 01079cam a22002891i 4500
003 SA-RiAUC
005 20250921123249.0
008 250919s1996 su g 00000 ara c
020 _a9960030423
040 _aSA-MaUQU
_bara
_cSA-RiAUC
_erda
043 _aa-su---
082 0 4 _a378.009531
_qSA-RiAUC
090 _a378.009531
_bس ل ي
100 1 _aالسليماني، محمد حمزة محمد
_eمؤلف.
245 1 2 _aالمسيرة والإنجاز /
_cمحمد حمزة محمد السليماني.
250 _aالطبعة الأولى.
264 1 _aمكة المكرمة :
_bجامعة أم القرى،
_c1996
300 _a38 صفحة ؛
_c24 سم
336 _aنص
_btxt
_2rdacontent
_3كتاب
337 _aبدون وسيط
_bn
_2rdamedia
338 _aمجلد
_bnc
_2rdacarrier
650 7 _aالجامعات والكليات
_zالسعودية
_2aucsh
650 7 _aالتعليم العالي
_zالسعودية
_2aucsh
650 7 _aالتعليم
_zالسعودية
_2aucsh
942 _2ddc
_cBOOK
_n0
949 _aSA-JeALM
_d250919
_umohamedma123
_n1
999 _c11943
_d11943